000 00318nam a22001337a 4500
008 180124b xxu||||| |||| 00| 0 eng d
020 _a0132232553
041 _aeng
080 _a33
100 _a52
101 _aEKO
245 _aEconometric, models, techniques,& applications
_cIntriligator,M.D
942 _2udc
_cBK
999 _c40864
_d40864